00863nam a2200277 a 450000100060000000300080000600500170001400800410003102000150007203500190008704000270010604100080013306000150014108200250015610000270018124501220020826000310033030000330036150400360039465000240043065000380045465000210049265000300051365000140054370000280055766152BD-RjUL20211209081515.0170314s1975 nyu b 001 0 eng  a0471328170 a(BD-RjUL)66282 aDLCcDLCdBD-RjULbeng aeng aHA29 G878s00a612.68223bGRS 19751 aGross, Alan J.,d1934-10aSurvival distributions :breliability applications in the biomedical sciences /cAlan J. Gross and Virginia A. Clark. aNew York :bWiley,cc1975. axv, 331 p. :bill. ;c23 cm. aIncludes index and bibliography 0aMedical statistics. 0aDistribution (Probability theory) 0aLife expectancy. 0aReliability (Engineering) 0aBiometry.1 aClark, Virginia,d1928-